На ветрах времени: размышления о книгах; для старшего школьного возраста

Λεπτομέρειες βιβλιογραφικής εγγραφής
Κύριος συγγραφέας: Акимов В. М. Владимир Михайлович
Γλώσσα:Ρωσικά
Έκδοση: Ленинград, Детская литература, 1991
Έκδοση:перераб. и доп. переиздание
Θέματα:
Μορφή: Βιβλίο
KOHA link:https://koha.lib.tpu.ru/cgi-bin/koha/opac-detail.pl?biblionumber=164107

MARC

LEADER 00000nam0a2200000 4500
001 164107
005 20241112063152.0
010 |a 5080000864 
020 |a RU  |b 91-46497 
035 |a (RuTPU)RU\TPU\book\178054 
090 |a 164107 
100 |a 20090831d1991 e y0rusy5003 ca 
101 0 |a rus 
102 |a RU 
105 |a a z 000ad 
200 1 |a На ветрах времени  |e размышления о книгах  |e для старшего школьного возраста  |f В. М. Акимов 
205 |a перераб. и доп. переиздание 
210 |a Ленинград  |c Детская литература  |c Ленингр. отд-ние  |d 1991 
215 |a 284,[2] с.  |c ил.  |d 21 см 
600 1 |a Блок  |g Александр Александрович  |b А. А.  |f 1880-1921  |c русский поэт  |2 stltpush  |3 (RuTPU)RU\TPU\pers\1045 
600 1 |a Замятин  |b Е. И.  |c русский писатель  |c с 1932 в эмиграции  |f 1884-1937  |g Евгений Иванович  |2 stltpush  |3 (RuTPU)RU\TPU\pers\11383  |9 2598 
600 1 |a Горький  |b М.  |c настоящая фамилия Пешков  |c русский писатель  |c публицист  |f 1868-1936  |g Максим  |2 stltpush  |3 (RuTPU)RU\TPU\pers\1037  |9 460 
600 1 |a Есенин  |b С. А.  |c русский поэт  |f 1895-1925  |g Сергей Александрович  |2 stltpush  |3 (RuTPU)RU\TPU\pers\169  |9 91 
600 1 |a Маяковский  |g Владимир Владимирович  |b В. В.  |c русский поэт  |f 1893-1930  |2 stltpush  |3 (RuTPU)RU\TPU\pers\1040 
600 1 |a Булгаков  |b М. А.  |c русский писатель  |f 1891-1940  |g Михаил Афанасьевич  |2 stltpush  |3 (RuTPU)RU\TPU\pers\984  |9 436 
600 1 |a Платонов  |g Андрей Платонович  |b А. П.  |c русский писатель  |f 1899-1951  |2 stltpush  |3 (RuTPU)RU\TPU\pers\1710 
600 1 |a Зощенко  |b М. М.  |c русский писатель  |f 1894-1958  |g Михаил Михайлович  |2 stltpush  |3 (RuTPU)RU\TPU\pers\7381  |9 1380 
600 1 |a Шолохов  |g Михаил Александрович  |f 1905-1984  |b М. А.  |c русский писатель  |c академик АН СССР  |2 stltpush  |3 (RuTPU)RU\TPU\pers\495 
600 1 |a Твардовский  |g Александр Трифонович  |b А. Т.  |c русский поэт  |f 1910-1971  |2 stltpush  |3 (RuTPU)RU\TPU\pers\452 
600 1 |a Леонов  |b Л. М.  |f 1899-1994  |g Леонид Максимович  |c русский писатель  |2 stltpush  |3 (RuTPU)RU\TPU\pers\3666 
600 1 |a Солженицын  |g Александр Исаевич  |b А. И.  |c русский писатель  |c академик РАН  |f 1918-2008  |2 stltpush  |3 (RuTPU)RU\TPU\pers\1117 
610 1 |a Русская советская литература 
610 1 |a русские писатели 
610 1 |a детская литература 
610 1 |a творчество 
675 |a 8Р2  |z rus 
700 1 |a Акимов  |b В. М.  |g Владимир Михайлович 
801 0 |a RU  |b RuMRKP  |c 19950417  |g psbo 
801 1 |a RU  |b 63413507  |c 20090831 
801 2 |a RU  |b 63413507  |c 20090831  |g RCR 
942 |c BK